Risk of Rain 2 - Items (Alloyed Collective) - Statistics

General Stats
  • This quiz has been taken 36 times
  • The average score is 67 of 226
Answer Stats
Item Type Answer % Correct
White Soldier's Syringe
89%
White Bustling Fungus
79%
White Tougher Times
79%
White Tri-Tip Dagger
74%
White Bison Steak
68%
White Paul's Goat Hoof
68%
Green AtG Missile Mk. 1
63%
White Energy Drink
63%
White Lens-maker's Glasses
63%
Purple Plasma Shrimp
63%
White Delicate Watch
58%
Scrap Green Scrap
58%
White Mocha
58%
Scrap Red Scrap
58%
Green Runald's Band
58%
Green Ukulele
58%
Scrap White Scrap
58%
Scrap Yellow Scrap
58%
Red 57 Leaf Clover
53%
White Crowbar
53%
White Gasoline
53%
Green Kjaro's Band
53%
White Medkit
53%
Green Sale Star
53%
Yellow Shatterspleen
53%
White Topaz Brooch
53%
Orange Trophy Hunter's Tricorn
53%
Red Brilliant Behemoth
47%
White Cautious Slug
47%
Yellow Charged Perforator
47%
Yellow Molten Perforator
47%
White Monster Tooth
47%
Purple Needletick
47%
White Personal Shield Generator
47%
Purple Polylute
47%
White Repulsion Armor Plate
47%
Purple Safer Spaces
47%
Blue Stone Flux Pauldron
47%
White Warped Echo
47%
White Armor Piercing Rounds
42%
Red Dio's Best Friend
42%
White Eclipse Lite
42%
White Focus Crystal
42%
Green Harvester's Scythe
42%
Green Hopoo Feather
42%
Green Ignition Tank
42%
Green Leeching Seed
42%
Red Pocket I.C.B.M
42%
White Power Elixir
42%
Blue Purity
42%
Green Regenerating Scrap
42%
White Roll of Pennies
42%
Meal Seared Steak
42%
Orange Seed of Life
42%
Red Spare Drone Parts
42%
Orange The Back-up
42%
Red Aegis
37%
Purple Benthic Bloom
37%
White Bundle of Fireworks
37%
Green Chance Doll
37%
Yellow Empathy Cores
37%
Yellow Genesis Loop
37%
Green Ghor's Tome
37%
Blue Hellfire Tincture
37%
Green Noxious Thorn
37%
White Oddly Shaped Opal
37%
Yellow Queen's Gland
37%
Green Razorwire
37%
Orange Recycler
37%
Blue Shaped Glass
37%
White Sticky Bomb
37%
White Stun Grenade
37%
Yellow Titanic Knurl
37%
Red Unstable Tesla Coil
37%
Blue Visions of Heresy
37%
White Warbanner
37%
Purple Weeping Fungus
37%
Green Will-o'-the-Wisp
37%
Red Alien Head
32%
White Backup Magazine
32%
Green Box of Dynamite
32%
White Chronic Expansion
32%
Green Chronobauble
32%
Blue Egocentrism
32%
White Elusive Antlers
32%
Blue Eulogy Zero
32%
Orange Executive Card
32%
Orange Forgive Me Please
32%
Green Fuel Cell
32%
Red H3AD-5T v2
32%
Yellow Halcyon Seed
32%
Red Happiest Mask
32%
White Hiker's Boots
32%
Blue Hooks of Heresy
32%
Red Laser Scope
32%
Red N'kuhana's Opinion
32%
Yellow Planula
32%
Purple Pluripotent Larva
32%
Green Predatory Instincts
32%
Green Red Whip
32%
Red Rejuvenation Rack
32%
Red Shattering Justice
32%
Purple Singularity Band
32%
Blue Spinel Tonic
32%
Blue Strides of Heresy
32%
Blue Transcendence
32%
Green Wax Quail
32%
Green Bandolier
26%
Green Berserker's Pauldron
26%
Red Brainstalks
26%
Green Death Mark
26%
Yellow Defense Nucleus
26%
Orange Disposable Missile Launcher
26%
Blue Essence of Heresy
26%
Green Faraday Spur
26%
Green Lepton Daisy
26%
Blue Light Flux Pauldron
26%
Blue Longstanding Solitude
26%
Purple Lost Seer's Lenses
26%
Green Luminous Shot
26%
Yellow Pearl
26%
Green Prayer Beads
26%
Red Runic Lens
26%
Red Sentient Meat Hook
26%
Green Shuriken
26%
Red Substandard Duplicator
26%
Purple Tentabauble
26%
Meal Ultimate Meal
26%
Green Unstable Transmitter
26%
Purple Voidsent Flame
26%
Green War Horn
26%
Red Ben's Raincoat
21%
White Bolstering Lantern
21%
Red Bottled Chaos
21%
Green Breaching Fin
21%
Blue Brittle Crown
21%
Green Collector's Compulsion
21%
Red Defensive Microbots
21%
Orange Deus Ex Machina
21%
Orange Eccentric Vase
21%
Blue Effigy of Grief
21%
Red Electric Boomerang
21%
Untiered Empty Bottle
21%
Blue Focused Convergence
21%
Orange Foreign Fruit
21%
Red Frost Relic
21%
Orange Goobo Jr.
21%
Red Growth Nectar
21%
Red Hardlight Afterburner
21%
Green Hunter's Harpoon
21%
Red Interstellar Desk Plant
21%
Yellow Irradiant Pearl
21%
Orange Jade Elephant
21%
Yellow Little Disciple
21%
Purple Lysate Cell
21%
Orange Milky Chrysalis
21%
Red Networked Suffering
21%
Purple Newly Hatched Zoea
21%
Green Old War Stealthkit
21%
Red Orphaned Core
21%
Orange Preon Accumulator
21%
Orange Royal Capacitor
21%
White Rusted Key
21%
Meal Sauteed Worms
21%
Yellow Sentry Key
21%
Red Symbiotic Scorpion
21%
Orange The Crowdfunder
21%
Red Wake of Vultures
21%
Red War Bonds
21%
Blue Beads of Fealty
16%
Untiered Broken Delicate Watch
16%
Red Ceremonial Dagger
16%
Blue Defiant Gouge
16%
Purple Encrusted Key
16%
Yellow Encrypted Cerebellum
16%
Yellow Exposed Cerebellum
16%
Yellow Functional Coupler
16%
Blue Gesture of the Drowned
16%
Green Infusion
16%
Yellow Mired Urn
16%
Orange Molotov
16%
Blue Neutronium Weight
16%
Green Old Guillotine
16%
Orange Primordial Cube
16%
Yellow Prison Matrix
16%
Orange Radar Scanner
16%
Green Rose Buckler
16%
Green Shipping Request Form
16%
Red Soulbound Catalyst
16%
Green Squid Polyp
16%
Orange Super Massive Leech
16%
Untiered Tonic Affliction
16%
Untiered Used Sale Star
16%
Orange Volcanic Egg
16%
Yellow Artifact Key
11%
Aspect Aurelionite's Blessing
11%
Orange Blast Shower
11%
Blue Corpsebloom
11%
Yellow Faulty Conductor
11%
Blue Glowing Meteorite
11%
Aspect N'kuhana's Retort
11%
Orange Occular HUD
11%
Meal Quick Fix
11%
Red Resonance Disc
11%
Orange Sawmerang
11%
Aspect Shared Design
11%
Red Sonorous Whispers
11%
Untiered Used Dio's Best Friend
11%
Untiered Used Regenerating Scrap
11%
Orange (Used) Used Seed of Life
11%
Orange (Used) Used Trophy Hunter's Tricorn
11%
Orange Fuel Array
5%
Orange Gnarled Woodsprite
5%
Orange Gorag's Opus
5%
Meal Hearty Stew
5%
Aspect Her Biting Embrace
5%
Aspect His Reassurance
5%
Aspect Ifrit's Distinction
5%
Green Kinetic Dampner
5%
Blue Mercurial Rachis
5%
Orange Remote Caffeinator
5%
Aspect Silence Between Two Strikes
5%
Aspect Spectral Circlet
5%
Untiered Used Pluripotent Larva
5%
Aspect His Spiteful Boom
0%
Aspect Of One Mind
0%
No matching quizzes found
Score Distribution
Percent of People with Each Score
Percentile by Number Answered
Your Score History
You have not taken this quiz